Univerzita ako miesto celoživotného vzdelávania v spoločnosti založenej na vedomostiach

Stav a budúcnosť vysokoškolského vzdelávania a strategické koncepcie integračných zoskupení. Štruktúra ponúkaného vzdelania a potreby praxe. Informačný obsah vzdelávania v súčasnej a znalostne orientovanej spoločnosti. Flexibilita vysokoškolského prostredia pri poskytovaní štúdia. Spolupráca a rozvo...

ver descrição completa

Na minha lista:
Detalhes bibliográficos
Autor principal: Strhan, Rastislav, 1968-
Formato: Capítulo de Livro
Idioma:eslovaco
Assuntos:
Tags: Adicionar Tag
Sem tags, seja o primeiro a adicionar uma tag!

MARC

LEADER 00000naa$a2200000$$$4500
001 0105454
005 20240502072151.0
041 0 |a slo 
044 |a SK 
245 1 0 |a Univerzita ako miesto celoživotného vzdelávania v spoločnosti založenej na vedomostiach  |c Rastislav Strhan 
520 |a Stav a budúcnosť vysokoškolského vzdelávania a strategické koncepcie integračných zoskupení. Štruktúra ponúkaného vzdelania a potreby praxe. Informačný obsah vzdelávania v súčasnej a znalostne orientovanej spoločnosti. Flexibilita vysokoškolského prostredia pri poskytovaní štúdia. Spolupráca a rozvoj ďalšieho vzdelávania. 
610 2 0 |a školy vysoké 
610 2 0 |a univerzity 
610 2 0 |a vzdelávanie celoživotné 
610 2 0 |a štúdium vysokoškolské 
610 2 0 |a vzdelávanie ďalšie 
610 2 0 |a spoločnosť vedomostná 
100 1 |a Strhan, Rastislav, 1968-